000 00442nam a2200181Ia 4500
001 24748
005 20260414151104.0
008 260414t2012||||xx |||||||||||||| ||spa||
041 _aESP
082 _a345.733
_bV23
100 _aVallet de Goytisolo, Juan
_eAUT
245 0 _aLa función notarial de tipo latino
_b
260 _c2012
300 _a163 páginas :
_c21 cm.
650 _aDER
654 _aCDE
942 _cLIB
_dJUS
_fJUS
_2ddc
_n
999 _c24748
_d24748